Pastoral que el illmo. y rmo. señor Dr. D. Mariano Casanova, arzobispo de Santiago, dirige al clero y pueblo al publicar solemnemente la encíclica de su santidad León XIII sobre el Espíritu Santo

Zapisane w:
Opis bibliograficzny
1. autor: Casanova, Mariano (Autor)
Format: Książka
Język:hiszpański
Wydane: Santiago Imprenta Cervantes 1898
Wydanie:1a. ed
Hasła przedmiotowe:
Etykiety: Dodaj etykietę
Nie ma etykietki, Dołącz pierwszą etykiete!

MARC

LEADER 00000nam a2200000 a 4500
001 UCJ6220
003 CL-VaPUC
008 070124e18980000CL |||||||||||||||||spa|d
082 0 4 |a 282  |b CAS  |2 21 
100 0 |a Casanova, Mariano  |e author  |9 393477 
245 1 0 |a Pastoral que el illmo. y rmo. señor Dr. D. Mariano Casanova, arzobispo de Santiago, dirige al clero y pueblo al publicar solemnemente la encíclica de su santidad León XIII sobre el Espíritu Santo 
250 |a 1a. ed 
300 |a 32 p 
942 |c BK 
945 |d 20070124 00:00:00  |a rinostro 
260 |a Santiago  |b Imprenta Cervantes  |c 1898 
500 |a Escudio episcopal. Empastado junto a otros escritos del mismo autor en un volumen rotulado Casanova-Pastorales; ubicado en 282 CAS 
650 0 |a Teología dogmática   |9 313198 
650 7 |a ESPIRITU SANTO  |2 CL-VaPUC  |9 512601 
650 0 |a Encíclicas papales  |9 314532 
583 |a last modification  |c 20070124 00:00:00  |k Rodrigo Vera 
999 |c 322328  |d 322326 
952 |0 0  |1 0  |4 0  |6 282_000000000000000_CAS_1898  |7 0  |8 X  |9 401295  |a FDOBUD  |b FDOBUD  |d 2019-11-22  |i 1045431  |o 282 CAS 1898  |p 1045431  |r 2019-11-22  |w 2019-11-22  |y BK_X  |k BUD